MARC

LEADER 00000nam0a2200000 4500
001 125495
005 20231031131359.0
010 |a 1571171207 
035 |a (RuTPU)RU\TPU\book\135798 
035 |a RU\TPU\book\135642 
090 |a 125495 
100 |a 20071116d2005 m y0engy50 ca 
101 0 |a eng 
102 |a US 
105 |a a j 001zy 
200 1 |a Radiographic Testing Classroom Training Book  |f J. Staton 
210 |a Columbus  |c American Society for Nondestructive Testing  |d 2005 
215 |a 185 p.  |c ил. 
320 |a Glossary: p. 161-173. 
320 |a Bibliography: p. 175. 
320 |a Index: p. 177-185. 
610 1 |a материаловедение 
610 1 |a материалы 
610 1 |a неразрушающие методы 
610 1 |a неразрушающий контроль 
610 1 |a радиография 
610 1 |a радиографическое тестирование 
610 1 |a приборы 
610 1 |a безопасность 
610 1 |a учебные пособия 
610 1 |a английский язык 
675 |a 620.179(075.8)  |v 3 
700 1 |a Staton  |b J.  |g Jean 
801 1 |a RU  |b 63413507  |c 20071115  |g PSBO 
801 2 |a RU  |b 63413507  |c 20100914  |g PSBO 
942 |c BK